000 00438nam a2200181Ia 4500
001 16527
005 20260306170316.0
008 260306t2022||||xx |||||||||||||| ||und||
041 _aESP
082 _a348.6
_bT22L
100 _aTarazona Pinedo, Manolo,
_eAUT
245 0 _aCálculos laborales más frecuentes
260 _c2022
300 _a400 páginas :
_c29 cm.
650 _aGEN
654 _aCDE
942 _cLIB
_dJUS
_fJUS
_2ddc
_n
999 _c16527
_d16527